COHEN'S PATHWAYS OF THE PULP (Record no. 9828)
[ view plain ]
| 000 -LEADER | |
|---|---|
| fixed length control field | 00346nam a22001457a 4500 |
| 020 ## - INTERNATIONAL STANDARD BOOK NUMBER | |
| International Standard Book Number | 978-81-312-4304-6 |
| 082 ## - DEWEY DECIMAL CLASSIFICATION NUMBER | |
| Classification number | 617.6342,C16H |
| 100 ## - MAIN ENTRY--PERSONAL NAME | |
| Personal name | HARGREAVES,KENNETH.M |
| 245 ## - TITLE STATEMENT | |
| Title | COHEN'S PATHWAYS OF THE PULP |
| 250 ## - EDITION STATEMENT | |
| Edition statement | SOUTH ASIAN |
| 260 ## - PUBLICATION, DISTRIBUTION, ETC. (IMPRINT) | |
| Place of publication, distribution, etc | NEW DELHI |
| Name of publisher, distributor, etc | ELSEVIER |
| Year of Publication | 2016 |
| 300 ## - PAGE DESCRIPTION | |
| No. of Pages | 1105 |
| 650 ## - SUBJECT ADDED ENTRY--TOPICAL TERM | |
| Topical term or geographic name as entry element | CONSERVATIVE |
| 942 ## - ADDED ENTRY ELEMENTS (KOHA) | |
| Source of classification or shelving scheme | Dewey Decimal Classification |
| Koha item type | Books |
| 942 ## - ADDED ENTRY ELEMENTS (KOHA) | |
| -- | 9 |
| Withdrawn status | Lost status | Source of classification or shelving scheme | Damaged status | Not for loan | Home library | Current library | Shelving location | Date acquired | Vendor Name | Cost, normal purchase price | SGTU | Bill Number | Total Checkouts | Full call number | Accession No. (Barcode) | Date last seen | Date last borrowed | Bill Date | Koha item type |
|---|---|---|---|---|---|---|---|---|---|---|---|---|---|---|---|---|---|---|---|
| Dewey Decimal Classification | SGT Dental Library | SGT Dental Library | Text Book | 29/08/2016 | ABC | 2795.00 | SGTU | 6923 | 7 | 617.6342,C16H | FD7382 | 22/03/2025 | 21/03/2025 | Books | |||||
| Dewey Decimal Classification | SGT Dental Library | SGT Dental Library | Text Book | 29/08/2016 | ABC | 2795.00 | SGTU | 6923 | 5 | 617.6342,C16H | FD7383 | 19/01/2023 | 03/01/2023 | Books | |||||
| Dewey Decimal Classification | SGT Dental Library | SGT Dental Library | Text Book | 29/08/2016 | ABC | 2795.00 | SGTU | 6923 | 2 | 617.6342,C16H | FD7384 | 22/10/2024 | 22/10/2024 | Books | |||||
| Dewey Decimal Classification | SGT Dental Library | SGT Dental Library | Text Book | 29/08/2016 | ABC | 2795.00 | SGTU | 6923 | 2 | 617.6342,C16H | FD7385 | 30/09/2024 | 19/09/2024 | Books | |||||
| Dewey Decimal Classification | SGT Dental Library | SGT Dental Library | Text Book | 29/08/2016 | ABC | 2795.00 | SGTU | 6923 | 1 | 617.6342,C16H | FD7386 | 18/01/2024 | 02/01/2024 | Books |